(Khmer) The Jesus storybook bible: (Record no. 49948)
| 000 -LEADER | |
|---|---|
| fixed length control field | 00554nam a2200157 4500 |
| 020 ## - INTERNATIONAL STANDARD BOOK NUMBER | |
| International Standard Book Number | 9789996385070 |
| 041 ## - LANGUAGE CODE | |
| Language code of text/sound track or separate title | English. |
| Language code of original and/or intermediate translations of text | Khmer. |
| 100 ## - MAIN ENTRY--PERSONAL NAME | |
| Personal name | Jones, Sally-Lloyd. |
| 9 (RLIN) | 87022 |
| 245 ## - TITLE STATEMENT | |
| Title | (Khmer) The Jesus storybook bible: |
| Remainder of title | every story whispers his name / |
| Statement of responsibility, etc | Sally Lloyd - Jones. |
| 260 ## - PUBLICATION, DISTRIBUTION, ETC. (IMPRINT) | |
| Place of publication, distribution, etc | Grand Rapids, Michigan: |
| -- | Cambodia: |
| Name of publisher, distributor, etc | Zondervan; |
| -- | Action Cambodia; |
| Date of publication, distribution, etc | 2007. |
| -- | 2023. |
| 300 ## - PHYSICAL DESCRIPTION | |
| Extent | 348 p. |
| Other physical details | col. ill. |
| Dimensions | 20 cm. |
| 650 ## - SUBJECT ADDED ENTRY--TOPICAL TERM | |
| Topical term or geographic name as entry element | Bible stories. |
| 700 ## - ADDED ENTRY--PERSONAL NAME | |
| Relator code | illustrator. |
| Personal name | Jago. |
| 9 (RLIN) | 87021 |
| 700 ## - ADDED ENTRY--PERSONAL NAME | |
| Relator code | translator. |
| Personal name | Khem Karuna. |
| 9 (RLIN) | 87023 |
| 942 ## - ADDED ENTRY ELEMENTS (KOHA) | |
| Source of classification or shelving scheme | |
| Koha item type | Book |
| Withdrawn status | Lost status | Source of classification or shelving scheme | Damaged status | Not for loan | Collection code | Home library | Current library | Date acquired | Total Checkouts | Full call number | Barcode | Date last seen | Price effective from | Koha item type |
|---|---|---|---|---|---|---|---|---|---|---|---|---|---|---|
| Siem Riep | Asian Hope Siem Reap | Asian Hope Siem Reap | 12/10/2025 | KHMER 220.9505 LLO | 209654 | 12/10/2025 | 12/10/2025 | Book |